000 00790cam a2200277 4500
008 000000n2000 000 0 eng u
020 _a0113101775
035 _a(Sirsi) u106709
050 _a333.73
110 _aEngland and Wales
_bEnvironment Agency
_92469
245 _aGuidance for the safe development of housing on land affected by contamination.
260 _aLondon
_bStationery Office
_c2000
300 _a86p. ; 30cm.
350 _a30.00
490 _aR & D Publication
_v66
650 _aDEVELOPMENT
650 _aHOUSING
650 _aCONTAMINATED LAND
650 _aPLANNING
650 _aBROWNFIELD SITES
650 _aNHBC
650 _aRISK ASSESSMENT
690 _aENVIRONMENT-CONTAMINATION
710 _aNational House Building Council
942 _n0
999 _c100612
_d100612